| 000 | 01274nam a22001937a 4500 | ||
|---|---|---|---|
| 008 | 140619b xxu||||| |||| 00| 0 eng d | ||
| 020 | _a9781405759786 | ||
| 050 | _aKD310.H34(5e vol.44) | ||
| 245 |
_aHalsbury's laws of England : Energy and Climate Change, vol. 44. / _cedited by Lord Mackay. |
||
| 250 | _a5th ed. | ||
| 260 |
_aLondon: _bLexis Nexis, _c2011. |
||
| 300 |
_a621p.: _c26cm. |
||
| 440 |
_pEnergy and climate change. _vvol. 44 |
||
| 500 | _aIncludes index. | ||
| 505 | _aContents: How to use Halsbury's laws of England -- References and abbreviations -- Table of statutes -- Table of statutory instruments -- Table of European Union legislation -- Table of conventions etc -- Table of non-statutory material -- Table of cases -- Energy and climate change: Volume 42 -- Table of contents -- Introduction -- Climate change -- Renewable sources and energy efficiency -- Gas and electricity industries; in general -- Particular provisions relating to gas -- Index -- Volume 43: Table of contents -- Particular provisions relating to gas continued -- Particular provisions relating to electricity -- Index -- Volume 44: Table of contents -- Nuclear energy -- Petroleum production -- Pipelines. | ||
| 650 | _aLaw. | ||
| 700 | _aMackay, Lord. | ||
| 942 |
_2lcc _cBK |
||
| 999 |
_c3029 _d10529 |
||